Halk oylaması sonuçları 2007, 1988, 1987, 1982, 1961 (Record no. 5859)
[ view plain ]
| 000 -BAŞLIK | |
|---|---|
| Sabit Uzunlukta Kontrol Alanı | 00723na a2200229 4500 |
| 001 - KONTROL NUMARASI | |
| Denetim Alanı | 18900 |
| 003 - KONTROL NUMARASI IDENTIFIER | |
| Denetim Alanı | MIRAKIL |
| 005 - SON İŞLEM TARİHİ VE ZAMANI | |
| Denetim Alanı | 20181213155049.0 |
| 008 - SABİT-BOY VERİ ELEMANLARI - GENEL BİLGİLER | |
| Sabit Uzunlukta Kontrol Alanı | 161204b tu 000 0 |
| 020 ## - ULUSLARARASI STANDART KİTAP NUMARASI | |
| Uluslararası Standart Kitap Numarası | 9789751942449 |
| 040 ## - KATALOGLAMA KAYNAK | |
| Orijinal Kataloglama Ajansı | Milas |
| Kataloglama Dili | tur |
| Metne Dönüştürmek Ajansı | TR-AnCHP |
| 041 ## - DİL KODU | |
| Metin / Ses Parça Veya Ayrı Başlığın Dil Kodu | tur |
| 082 ## - DEWEY ONLU SINIFLANDIRMA NUMARASI | |
| Sınıflandırma Numarası | 324.9561 |
| Ürün Numarası | H24 2008 |
| 090 ## - SINIFLAMA NUMARASI | |
| Sınıflama Numarası | 324.9561 H24 2008 |
| 245 ## - BAŞLIK TABLOSU | |
| Başlık | Halk oylaması sonuçları 2007, 1988, 1987, 1982, 1961 |
| Sorumluluk Tablosu, Vb | Türkiye İstatistik Kurumu (TÜİK) |
| 260 ## - YAYIN, DAĞITIM, VB | |
| Yayın, Dağıtım, Vb Yeri | Ankara |
| Yayıncı, Dağıtıcı, Vs Adı | Türkiye İstatistik Kurumu (TÜİK) |
| Yayın, Dağıtım, Vb Tarihi | 2008 |
| 300 ## - FİZİKSEL TANIM | |
| Kapsam | vii, 342 s. |
| Diğer Fiziksel Ayrıntıları | tbl. |
| Boyutlar | 28 sm. |
| 490 ## - SERİSİ TABLOSU | |
| Seri Beyanı | Türkiye İstatistik Kurumu |
| Hacim / Ardışık Tanımı | yayın no: 3155 |
| 650 ## - KONU KATMA GİRİŞ - TOPİKAL DÖNEM | |
| Topikal Süreli Veya Coğrafi Ad Giriş Elemanı | Seçimler |
| Coğrafi Alt Bölümü | Türkiye |
| 710 ## - KATMA GİRİŞ - KURUMSAL ADI | |
| Giriş Elemanı Olarak Kurumsal Ad Veya Yargı Alanı Adı | Türkiye İstatistik Kurumu (TÜİK) |
| 942 ## - EKLENDİ GİRİŞ ELEMANLARI (KOHA) | |
| Sınıflandırma Veya Raf Düzeni Kaynak | Dewey Decimal Classification |
| Koha Öğesi Türü | Books |
| 999 ## - SİSTEM KONTROL NUMARALARI (KOHA) | |
| Koha Biblionumber | 5859 |
| Koha Biblioitemnumber | 5859 |
| Kalıcı Konum | Mevcut Konum | Edinme Tarihi | Edinim Kaynak | Toplam Check-Out'Lar | Tam Çağrı Numarası | Barkod | Tarih Son Görülme | İtibaren Geçerli Fiyatlar | Koha Öğesi Türü |
|---|---|---|---|---|---|---|---|---|---|
| CHP Kütüphanesi | CHP Kütüphanesi | 12/04/2016 | Bağış | 324.9561 H24 2008 | 010143 | 12/04/2016 | 12/04/2016 | Books |
